Quizzes
Events
Quiz Creation
Community
Videos
Private Events
Remove Ads
Sign In
Join for FREE
Feedback
Dark Mode
Quiz Categories
Sports
Geography
Music
Movies
Television
Just For Fun
Miscellaneous
History
Literature
Language
Science
Gaming
Entertainment
Religion
Holiday
For Kids
Quiz Lab
Recent
Popular Today
Quiz Kudos Today
Editor Picks
Curator Picks
Quizzes by...
Day
Popularity
Type
Ratings
Length
Year
Community
Subscriptions
Recent Discussions
Orange Saloon
Badges
Playlists
Quests
Create
Leaderboards
Showdown
Live 5
Trivia Bingo
Activity
Puzzle Library
Sporcle Events
Private Events
Virtual Trivia
Globe League
Become a Host
Pub Owners
SporcleCon
Opinionation
Our Games
Videos
Blog
Mobile Apps
Partnerships
Remove Ads and Go Orange
Feedback
History
US Presidents
World Leaders
Politics
Nation
Discovery
War
Decade
Year
Century
Biography
Art
History
US Presidents
World Leaders
Politics
Nation
Discovery
War
Decade
Year
Century
Biography
Art
Random Quiz
Search Sporcle
×
Quiz Lab
Quiz Lab
History
War
Type in answers that appear in a list
Type in answers that appear in a list
Classic
Best Score? Go Orange.
Commanders of the Army of the Potomac Stats
Can you name the Commanders of the Army of the Potomac?
By
bubbabub
2m
5 Questions
62 Plays
62 Plays
62 Plays
Comments
Comments
Give Quiz Kudos
Give Quiz Kudos
-
- Ratings
hide this ad
More Info
Replay
Link that replays current quiz
Next Quiz
Link to next quiz in quiz playlist
You Got
0%
They Got
Avg Score
83%
Avg Friend Score
Upgrade to see
Score Distribution
Jump to the score distribution portion of the page
Score
0/5
Timer
02:00
0
Plays Today
Year
Commander
% Correct
June 1863-
end of war
Maj. Gen. George G. Meade
95.1%
July 1861-
November 1862
Maj. Gen. George B. McClellan
90.2%
November 1862-
January 1863
Maj. Gen. Ambrose E. Burnside
88.5%
January-
June 1863
Maj. Gen. Joseph Hooker
85.2%
May-
July 1861
Brig. Gen. Irvin McDowell
60.7%
Quiz Playlist
Details
Report
Send in Message
Add To Playlist
More Info:
Name the generals who lost the battles, but won the war.
Classic:
Type in answers that appear in a list
Last Updated: Dec 3, 2019
Quiz Scoreboard
CHALLENGE
Sign Up to Join the Scoreboard
Show All
Scores
Hide
Comments
May contain spoilers
Recently Published
TV Characters by Other Roles V
by ghcgh
Television
5m
Decade Duel: World Leaders
by jenniferyan
History
4m
Alphabetical 'K' Countries by Flag Minefield
by ylime102
Geography
3m
More to Explore
Quiz From the Vault
Featured Blog Post
15 Basketball Trivia Facts You Can Be March Mad About
hide this ad
You Might Also Like...
Tags
War Quiz
Army
battle
Commander
major
Today's Top Quizzes in History
Browse History
hide this ad
Today's Top Quizzes in War
Browse War
Top Contributed Quizzes in History
1
Decade Duel: US Presidents of the 1900s
2
I Am Born On March 19th
3
Decade Duel: US Presidents of the 1800s
4
Famous Spring Paintings
5
Art in Bloom
6
Arab Spring Nations
7
Lead up to World War One
8
27 Amendments
9
Constitutional Quiz
10
History by Year: 1980s
Explore More
Trending Topics
Disney
Anime
Harry Potter
NBA
Kpop
Marvel
Crossword
Country
The Office
WWE
Puzzle
Pokémon
Soccer
NFL
Song
hide this ad
More By:
bubbabub
Quiz
Plays
Rating
Category
Featured
Created
Middle East and North Africa Map
2,125
3.00
Geography
Nov 15, 2019
Asia Map
1,939
3.67
Geography
Dec 3, 2019
Phrase by Origin
118
2.50
Language
Apr 22, 2010
Commanders of the Army of the Potomac
62
5.00
History
Apr 9, 2010
Go to Creator's Profile
Score Distribution
Quiz Creator Spotlight
bubbabub
Follow
Send a Message
Quizzes Created
-
Created Quiz Play Count
-
More By This Creator
Popular Quizzes Today
1
Countries of Asia Without Outlines Minefield
2
Find the US States - No Outlines Minefield
3
Pick 6: Fruits
4
The Countries of the World
5
Alphabetical 'K' Countries by Flag Minefield
6
Find the Countries of Europe - No Outlines Minefield
7
US States
8
Find the US States
More History Quizzes
Famous People Born On July 29th
Quiz Lab
Trending Quizzes
Pick 6: Mountains
Pick 6: Harry Potter
Pick 6: Flags
Pick 6: NFL Teams
Pick 6: Movie Franchises
Recently Updated
Adaptations: Name the Title
pecheneg
NWSL Teams
pecheneg
Women's Final Four Teams by Year
bhenderson79
Presidents Quartet II
eogle
Anything But Clue(do)
eogle
Anything But Oceanian Capitals
eogle
Anything But 7
eogle
Anything But Thing
eogle
Word Ladder: February 29
pecheneg
Song Title Questions
pecheneg
Trending Topics
NBA
Anime
Crossword
Kpop
Harry Potter
Disney
Marvel
Song
Soccer
Country
Pokémon
Puzzle
The Office
WWE
NFL
Your Account Isn't Verified!
In order to create a playlist on Sporcle, you need to verify the email address you used during registration. Go to your
Sporcle Settings
to finish the process.
Report this User
Report this user for behavior that violates our
Community Guidelines
.
Details:
Send Report
Go to the Sporcle.com Mobile Site →
Comments